00731nam a2200229Ia 450000100060000000300080000600500170001400800410003102000150007204000120008708200110009908200090011010000270011924500270014625000100017326000130018326000320019626000090022830000160023730000100025350502380026310414CO-BoPI20250430092332.0241105s9999 xx 000 0 und d a9584201999 cSede 73 a070.44 bC17p aCastro Caycedo, German 0aPerdido en el amazonas a[s.e] aBogotá bQuebecor World Bogotá S.A c1988 a281 paginas c24 cm0 a"Perdido en el Amazonas", de Germán Castro Caycedo, es un relato no ficcional que narra la historia de Julián Gil Torres, un exmarinero que desapareció en la selva colombiana tras contactar con una tribu indígena desconocida.